Franck Thilliez - Statistiques

Statistiques générales
  • Ce quiz a été pris 48 fois
  • Le résultat moyen est 11 sur 20
Statistiques - réponses
Catégorie Année Titre % Correct
2020 Il était deux fois
82%
2015 Pandemia
79%
2018 Le manuscrit inachevé
77%
2013 Puzzle
77%
2017 Sharko
74%
Sharko et Henebbelle 2004 Train d'enfer pour ange rouge
69%
2010 Le syndrome E
67%
2011 Gataca
62%
2005 La chambre des morts
62%
2012 Atomka
59%
2016 Rêver
59%
2011 Vertige
59%
2006 Deuils de miel
56%
2019 LUCA
51%
2014 Angor
46%
2007 La mémoire fantôme
46%
2009 Fractures
41%
2008 L'anneau de Moebius
41%
2006 La forêt des ombres
31%
Autres romans 2002 Conscience animale
10%
Aucun quiz correspondant
Distribution des résultats
% des personnes avec chaque résultat
Percentile par nombre de réponses
Votre historique - résultats
Vous n’avez pas pris ce quiz